Η τέχνη του χορού σήμερα : εκπαίδευση, παραγωγή, παράσταση ; πρακτικά συνεδρίου
Αποθηκεύτηκε σε:
| Συγγραφή απο Οργανισμό/Αρχή: | |
|---|---|
| Μορφή: | Βιβλίο |
| Γλώσσα: | Greek |
| Δημοσίευση: |
Αθήνα :
Σύνδεσμος Υποτρόφων Κοινοφελούς Ιδρύματος Αλέξανδρος Σ. Ωνάσης,
2003.
|
| Θέματα: | |
| Ετικέτες: |
Προσθήκη ετικέτας
Δεν υπάρχουν, Καταχωρήστε ετικέτα πρώτοι!
|
MARC
| LEADER | 00000cam a2200000 i 4500 | ||
|---|---|---|---|
| 001 | 1/72044 | ||
| 008 | 050223s2003 gr | ||| |||| ||gre|| | ||
| 035 | |l 10076707 | ||
| 040 | |a GR-MY-UA |b gre |e aacr | ||
| 041 | 0 | |a gre | |
| 082 | 7 | |a 792.8 |2 (21) | |
| 245 | 0 | 2 | |a Η τέχνη του χορού σήμερα : |b εκπαίδευση, παραγωγή, παράσταση ; πρακτικά συνεδρίου / |c διοργάνωση Σύνδεσμος Υποτρόφων Κοινοφελούς Ιδρύματος Αλέξανδρος Σ. Ωνάσης. |
| 260 | |a Αθήνα : |b Σύνδεσμος Υποτρόφων Κοινοφελούς Ιδρύματος Αλέξανδρος Σ. Ωνάσης, |c 2003. | ||
| 300 | |a 143 σ. ; |c 21 εκ. | ||
| 500 | |a Το Συνέδριο διοργανώθηκε από το Σύνδεσμο Υποτρόφων του Ιδρύματος Αλέξανδρος Σ. Ωνάσης στην Αθήνα 9-10 Νοεμβρίου 2002. | ||
| 650 | 0 | 0 | |a Modern dance |y 20th century |x Congresses. |
| 650 | 0 | 0 | |a Modern dance |x Education |x Congresses. |
| 710 | 1 | |a Σύνδεσμος Υποτρόφων Κοινωφελούς Ιδρύματος "Αλέξανδρος Σ. Ωνάσης". | |
| 852 | |a INST |b LESVOS |e 20050811 |h 792.8 ΤΕΧ |p 005100030726 |q 005100030726 |t BK |y 0 | ||
| 852 | |a INST |b RHODES |e 20050223 |h 792.8 ΤΕΧ |p 005400017746 |q 005400017746 |t BK |y 0 | ||
| 901 | |a BIBL4-2005-1 | ||
| 909 | |a Ρ |b 110482 | ||
| 909 | |a Λ |b 124203 | ||
| 970 | |a ΤΣΟΥΝΟΥ |b ΤΣΑΜΠΙΚΑ |z 2005/02/23 | ||